00431nam a22001697a 4500003000400000008004100004020001800045082001500063100002200078245003800100250000800138260003100146300001000177650002500187700002200212700002700234OSt250204b |||||||| |||| 00| 0 eng d a9789354517396 a615.58 BAT aBakliwal, Sunil.R aText Book of Pharmacotherapeutics a5th aN.DelhibNirali Pub.c2025 a14.14 aPharmacotherapeutics aKasliwal, Anoop.M aPolshettiwar, Satish.A